000 00796nam a2200229Ii 4500
003 JO-AjNU
008 230605s9999||||xx |||||||||||||| ||und||
017 _a84/4699
020 _a977-1340-23-9
040 _aJO-AjNU
_bara
_erda
_cJO-AjNU
041 _aara
050 1 4 _aBP173.3.M34 1987
100 3 _aسليم، محمد ابراهيم,
_eauthor
_940593
245 0 0 _aمنهاج تربية الطفل المسلم من توجيهات القرآن الكريم
250 _aط1
264 3 1 _aالقاهرة: مكتبة القرآن للطبع والنشر والتوزيع، 1987
300 _a80ص
336 _atext
_btxt
_2rdacontent
337 _aunmediated
_bn
_2rdamedia
338 _avolume
_bnc
_2rdacarrier
650 4 _aالاطفال- التربية الاسلامية
_940594
999 _aA17240
_c20808
_d20808